|
|
|
|
| LEADER |
00000cam a2200000 a 4500 |
| 001 |
vtls008395314 |
| 003 |
SK-MaSNL |
| 005 |
20260301150222.0 |
| 008 |
230403s1954 xo g 000 h hun |
| 015 |
|
|
|a SNBA19451955-010532
|
| 020 |
|
|
|q (viazané)
|
| 035 |
|
|
|a SK01SNKBKSFS20010087531
|
| 035 |
|
|
|a urn:nbn:sk:snk-am3idsi
|
| 035 |
|
|
|a urn:nbn:sk:snk-am00e68i
|
| 035 |
|
|
|a 13D56248-9107-42B2-B10A-2232642AFA61
|
| 035 |
|
|
|a SKM000089994
|
| 040 |
|
|
|a SNK
|b slo
|c SNK
|e AACR2
|
| 041 |
0 |
|
|a hun
|
| 044 |
|
|
|a xo
|c SK
|
| 072 |
|
7 |
|a 821.511.1
|x Ugrofínske literatúry
|2 konspekt
|
| 080 |
|
|
|a 894.511
|2 1981
|
| 080 |
|
|
|a 821.511.141
|2 2011
|
| 080 |
|
|
|a 82-311.5
|2 2011
|
| 080 |
|
|
|a 821.511.141-051
|2 2001
|
| 080 |
|
|
|a (082)
|2 2011
|
| 245 |
0 |
0 |
|a Magyar humoristák
|b Petőfi Sándor, Jókai Mór, Mikszáth Kálmán, Móricz Zsigmond, Szabó Dezső, Karinthy Frigyes, Tamási Áron, Illyés Gyula és mások vidám írásai
|c [sajtó alá rendezte Sas Andor]
|
| 250 |
|
|
|a Első kiad.
|
| 260 |
|
|
|a Bratislava
|b Csehszlovákiai magyar könyvkiadó
|c 1954
|
| 300 |
|
|
|a 297 strán
|c 21 cm
|
| 366 |
|
|
|e 2500 kusov
|
| 500 |
|
|
|a 3000 kusov pre Maďarskú ľudovú republiku
|
| 650 |
0 |
7 |
|a maďarskí spisovatelia
|2 SNKPH
|9 55632
|
| 650 |
0 |
7 |
|a humoristická próza
|2 SNKPH
|9 85253
|
| 650 |
0 |
7 |
|a maďarská literatúra
|2 SNKPH
|9 1193
|
| 655 |
|
7 |
|a antológie
|2 SNKPH
|9 70414
|
| 700 |
1 |
|
|a Sas, Andor,
|d 1887-1962
|4 com
|9 82797
|
| 700 |
1 |
|
|a Petőfi, Sándor,
|d 1823-1849
|4 aut
|9 87509
|
| 700 |
1 |
|
|a Mikszáth, Kálmán,
|d 1847-1910
|4 aut
|9 89516
|
| 700 |
1 |
|
|a Móricz, Zsigmond,
|d 1879-1942
|4 aut
|9 90190
|
| 700 |
1 |
|
|a Szabó, Dezső,
|d 1879-1945
|4 aut
|9 384008
|
| 700 |
1 |
|
|a Karinthy, Frigyes,
|d 1887-1938
|4 aut
|9 117304
|
| 700 |
1 |
|
|a Tamási, Áron,
|d 1897-1966
|4 aut
|9 433231
|
| 700 |
1 |
|
|a Illyés, Gyula,
|d 1902-1983
|4 aut
|9 214943
|
| 852 |
|
|
|a Slovenská národná knižnica
|
| 954 |
|
|
|a odborná, vedecká literatúra cudzojazyčná (svetová)
|2 lita
|
| 958 |
|
|
|a OND
|
| 958 |
|
|
|a RK
|
| 958 |
|
|
|a TL
|
| 958 |
|
|
|a OP
|
| 958 |
|
|
|a HU
|
| 958 |
|
|
|a EUIPO
|
| 999 |
|
|
|c 782810
|d 784740
|
| 952 |
|
|
|a SNK
|b SNK
|y PREZ
|7 0
|p 17A0775722
|o snkSC 5319
|i snk31/55
|0 0
|1 0
|4 0
|d 2019-03-21
|f 1
|l 0
|r 2025-07-04 00:00:00
|w 2026-02-24
|